Tiny Almost Useless Trivia XVIII Quiz Stats

 Plays Quiz Updated May 28, 2018

Challenge
Share
Tweet
Embed
Score 0/15 Timer 03:00
2 Plays Today
Question Answer % Correct
What is the common name for a maximum 280 character message posted to social media?tweet
92.6%
What movie series featured Kristen Stewart and Robert Pattinson in the lead romantic roles?Twilight
81.9%
What weapon is often found in the hand in images of Poseidon?trident
81.8%
What type of card deck has a major and minor arcana and is used for fortune telling?tarot
77.8%
What three word phrase is often said by children as they ask for candy?trick or treat
71.9%
What dance was popularized by Chubby Checker in 1961?the twist
71.8%
What region, currently under Chinese rule, has its capital at Lhasa?Tibet
64.4%
What type of geometric line sounds like a man who has been sunning himself all day?tangent
61.2%
Question Answer % Correct
What two-time MLB MVP for the Angels shares his last name with a type of fish?Trout
59.7%
Who was the only US President also to be the Chief Justice of the Supreme Court?Taft
51.2%
What is the square root of 1444?thirty-eight
44.2%
What 13-letter portmanteau word describes the career of Joel Osteen, Jerry Falwell or Jim Bakker?televangelist
43.2%
What was the name of a medieval weapon/machine used to hurl rocks a long distance?trebuchet
43.1%
What Shakespearean play features Prospero and his daughter Miranda?The Tempest
41%
What Latin phrase translates to 'time flies' in English?tempus fugit
23.4%

You're not logged in!

Compare scores with friends on all Sporcle quizzes.
OR
Log In

You Might Also Like...

Show Comments

Extras

Top Quizzes Today


Score Distribution

Your Account Isn't Verified!

In order to create a playlist on Sporcle, you need to verify the email address you used during registration. Go to your Sporcle Settings to finish the process.

Report this User

Report this user for behavior that violates our Community Guidelines.

Details: